|
|
|
|
| LEADER |
00000nam0a2200000 4500 |
| 001 |
18131 |
| 005 |
20231030191158.0 |
| 035 |
|
|
|a (RuTPU)RU\TPU\book\18280
|
| 035 |
|
|
|a BOOK00002968
|
| 090 |
|
|
|a 18131
|
| 100 |
|
|
|a 20011209d1972 km y0rusy50 ca
|
| 101 |
0 |
|
|a rus
|
| 102 |
|
|
|a RU
|
| 105 |
|
|
|a y z 000zy
|
| 200 |
1 |
|
|a Соединенные Штаты Америки
|f Под ред. А. В. Аникина
|
| 210 |
|
|
|a Москва
|c Мысль
|d 1972
|
| 215 |
|
|
|a 460 с.
|
| 610 |
1 |
|
|a экономика
|
| 610 |
1 |
|
|a США
|
| 610 |
1 |
|
|a производительные силы
|
| 610 |
1 |
|
|a монополии
|
| 610 |
1 |
|
|a финансы
|
| 610 |
1 |
|
|a военно-промышленный комплекс
|
| 610 |
1 |
|
|a внешняя торговля
|
| 686 |
|
|
|a У9(7США)
|v LBC/SL-A
|2 rubbk
|
| 702 |
|
1 |
|a Аникин
|b А. В.
|g Андрей Владимирович
|4 340
|
| 801 |
|
0 |
|a RU
|b 63413507
|c 20011209
|g PSBO
|
| 801 |
|
2 |
|a RU
|b 63413507
|c 20200819
|g PSBO
|
| 942 |
|
|
|c BK
|